Married and single life

Guardado en:
Detalles Bibliográficos
Autor principal: Riker, Audrey Palm
Formato: Libro
Publicado: Glencoe 1992
Etiquetas: Agregar Etiqueta
Sin Etiquetas, Sea el primero en etiquetar este registro!
Thư viện lưu trữ: Mạng thư viện Đại học Đà Nẵng
LEADER 00554nam a2200229 a 4500
001 000029117
003 14306
005 20171030145630.0
008 171030s1992
040 |a LTT 
082 0 |a 306.7  |b RI-A 
100 1 |a Riker, Audrey Palm 
245 0 0 |a Married and single life  |c Audrey Palm Riker, Holly E. Brisbane. 
260 |b Glencoe  |c 1992 
500 |a ASIA 
OWN |a LTT 
999 |a From the UDN01 
TYP |a Monograph 
TYP |a Printed language 
980 |a Mạng thư viện Đại học Đà Nẵng